000 00941nam a2200265Ia 4500
003 OSt
005 20220923211304.0
006 a|||||r|||| 00| 0
007 ta
008 220922b |||||||| |||| 00| 0 hin d
020 _a9788179171776 (hbk)
_c225
024 _a262,136
037 _b69, 02/07/2012, Eastern Book Linkers
_cTextual
040 _aARTS
_cARTS
_bhin
041 _2hin
_ahin
082 _aW691xM71, 152P3
100 _aलग्जमबर्ग, रोजा
_9156263
245 0 _aसुधार अथवा क्रांति
246 _aSudhār athavā krāanti
260 _aदिल्ली
_b ग्रंथ शिल्पी
_c2003
300 _a103पृ.
_ccm.
650 _aभारतीय राजनीति
_9156264
942 _hW691xM71, 152P3
_cTEXL
_2CC
999 _c298153
_d298153